00856cam a2200181 4500008004100000035001200041050003000053245016600083110003700249250001100286260004900297300001900346500009400365500007800459650005000537650005100587710003600638090217r19491938ag 000 0 spa u aa47900904aKF4525 [1787] b C66 194913aLa Constitución de los Estados Unidos de América :banotada con la jurisprudencia: anotaciones de casos decididos por la Corte Suprema de los Estados Unidos.1 aEstados Unidos. xConstitución a1a ed. aBuenos Aires, Arg. bGuillermo Kraft, c1949 a2 v. c 29 cm. aVersión castellana de la ed. oficial actualizada con recientes casos de jurisprudencia. aTítulo original: The Constitution of the United States of America, 1938 7aConstitución (1938) zEstados Unidos 2Lemb 7aHistoria constitucional zEstados Unidos2Lemb1 aEstados Unidos. bSuprema Corte